000
00336nam a2200133Ia 4500
008
220204s9999 xx 000 0 und d
082
_a
657
_b
JAI;1
100
_a
Jain, S P
245
0
_a
Fundamentals of accountancy. Pt 2 and 3
260
_a
Delhi
_b
Shree Mahavir
_c
1974
650
_a
Accountancy
700
_a
Narang, K L
942
_c
BK
999
_c
31472
_d
31472